Batman Begins Movie Trivia - Statistics

General Stats
  • This quiz has been taken 63 times
    46 since last reset
  • The average score is 12 of 20
Answer Stats
Hint Answer % Correct
Fictional city Batman Begins is set in Gotham City
95%
Director of the film Christopher Nolan
92%
Bruce Wayne Christian Bale
87%
Bruce Wayne's company Wayne {Enterprise}
84%
What the Scarecrow uses Fear Toxin
76%
League of mercenaries in the Himalayas that tries to recruit Bruce League of Shadows
74%
Jonathan Crane Cillian Murphy
71%
Batman defeats Ra's al Ghul in a... Train
71%
Lucius Fox Morgan Freeman
66%
Composers of the film (name either) Hans Zimmer / James Newton Howard
61%
Alfred Pennyworth Michael Caine
61%
Variation of the Batmobile that Batman drives Tumbler
53%
James Gordon Gary Oldman
50%
Henri Ducard Liam Neeson
50%
Complete the quote It's not who I am underneath, but {what} {I} {do} that defines me
47%
Complete the quote I can be ignored, I can be destroyed, but as a {symbol}, I can be incorruptible
42%
Rachel Dawes Katie Holmes
39%
Neighborhood that is full of poverty The {Narrows}
34%
Complete the quote Why do we fall, Bruce? So we can learn to {pick} {ourselves} {up}
32%
Complete the quote Training is nothing, {will} is everything
26%
No matching quizzes found
Score Distribution
Percent of People with Each Score
Percentile by Number Answered
Your Score History
You have not taken this quiz since the last reset